Medzisektorová spolupráca malých a stredných podnikov
Partnerská spolupráca ekonomických subjektov z rôznych sektorov národného hospodárstva s dôrazom na kooperáciu podnikateľských jednotiek s neziskovými organizáciami tretieho sektora. Formy kooperačných vzťahov medzi uvedenými subjektami a ich význam pre všetky spolupracujúce organizácie. Výsledky do...
Saved in:
| Main Author: | |
|---|---|
| Format: | Book Chapter |
| Language: | Slovak |
| Subjects: | |
| Tags: |
No Tags, Be the first to tag this record!
|
MARC
| LEADER | 00000naa$a2200000$$$4500 | ||
|---|---|---|---|
| 001 | 0120913 | ||
| 005 | 20240502072354.0 | ||
| 041 | 0 | |a slo | |
| 044 | |a SK | ||
| 245 | 1 | 0 | |a Medzisektorová spolupráca malých a stredných podnikov |c Sylvia Bukovová |
| 520 | |a Partnerská spolupráca ekonomických subjektov z rôznych sektorov národného hospodárstva s dôrazom na kooperáciu podnikateľských jednotiek s neziskovými organizáciami tretieho sektora. Formy kooperačných vzťahov medzi uvedenými subjektami a ich význam pre všetky spolupracujúce organizácie. Výsledky dotazníkového prieskumu neziskových organizácií tretieho sektora v tejto oblasti. | ||
| 610 | 2 | 0 | |a spolupráca podnikov |
| 610 | 2 | 0 | |a sektory hospodárske |
| 610 | 2 | 0 | |a organizácie neziskové |
| 610 | 2 | 0 | |a kooperácia |
| 100 | 1 | |a Bukovová, Sylvia, 1959- | |